O niektorých otázkach roľníckej politiky na Slovensku

Enregistré dans:
Détails bibliographiques
Format: Livre
Langue:slovaque
Publié: Bratislava Oráč 1950
Tags: Ajouter un tag
Pas de tags, Soyez le premier à ajouter un tag!

MARC

LEADER 00000nam a2200000 4500
001 0307621
005 20250313084308.1
041 0 |a slo 
044 |a SK 
245 1 0 |a O niektorých otázkach roľníckej politiky na Slovensku  |c Karol Bacílek 
264 1 |a Bratislava  |b Oráč  |c 1950